000 00447nam a2200181Ia 4500
008 230524s9999 xx 000 0 und d
020 _a9789382332565
082 _bBHA
100 _aS.S.Bhavikatti
245 0 _aBuilding Planning and Drawing
250 _a1
260 _aNew Delhi
_bI.K.International
_c2014
300 _a"XI,259p;"
500 _aQuantity Number: 1
650 _aCivil
700 _aM.V Chitawadagi
_942920
942 _cBK
999 _c57887
_d57887